00683nam a22002172i 450000100060000000300080000600500170001400800410003103500190007204000230009104100080011408200210012208200100014310000250015324500550017826000300023330000280026394200120029199900170030395201450032018489BD-RJUL20211209000307.0140220s1955 xxk j 000 0 eng d a(BD-RJUL)18547 aUKMcUKMdEQObeng aeng a823.91bHAK 1955 aJ2181 aHall, Aylmer.95696414aThe K.F. conspiracy /cillustrated by R.C.W. Heade a[London] :bHarrap,c1955 a192 p. :bill. ;c19 cm 2ddccBK c18489d18489 00102ddc40718FICaRUCLbRUCLcReadingd1972-02-13eOXFORD UNIVERSITYg8.25l0o823.91 HAK 1955r2014-02-20 00:00:00tC-1w2014-02-20yBK